Léčení ne-moci duchem /

Hlavní autor: Staněk, Josef, 1940-
Další autoři: Brzobohatá, Jana, 1944-
Jazyk: Čeština
Vydáno: [Brno : nákl. vl.], 1992
Externí odkaz: Digitalizovaný dokument
Fyzický popis: 58 s. : il.
Knihy
Uloženo v:
LEADER 00868nam a22002292a 4500
001 000184756
003 CZ BrMZK
005 20110514213423.0
008 970101s1992 xr a f cze d
015 |a cnb000530946 
040 |a ABA001  |b cze 
100 1 |a Staněk, Josef,  |d 1940-  |7 mzk2004234127  |4 aut 
245 1 0 |a Léčení ne-moci duchem /  |c Josef Staněk, Jana Brzobohatá 
260 |a [Brno :  |b nákl. vl.],  |c 1992 
300 |a 58 s. :  |b il. 
500 |a Dostupné též v digitální podobě v aplikaci Kramerius 
700 1 |a Brzobohatá, Jana,  |d 1944-  |7 mzk2003171607  |4 aut 
856 4 1 |u http://www.digitalniknihovna.cz/mzk/uuid/uuid:f98f1c20-6e1e-11e8-87bd-005056827e52  |y Digitalizovaný dokument  |x NDK 
910 |a BOA001  |b Z-0981.028 
990 |a BK 
991 |b 201105 
996 6 |b 2619938960  |c Z-0981.028  |l MZK  |r Sklad / do 24 hodin  |n 2  |w 000184756  |u 000010  |a 1  |e BOA001  |j MZK50  |s P